Использование государственного финансового контроля при выявлении проблем российского образования; Известия Томского политехнического университета [Известия ТПУ]; Т. 308, № 3

Detalhes bibliográficos
Parent link:Известия Томского политехнического университета [Известия ТПУ]/ Томский политехнический университет (ТПУ).— , 2000-
Т. 308, № 3.— 2005.— [С. 164-168]
Autor principal: Титова Л. Н.
Outros Autores: Синельникова О. П.
Resumo:Заглавие с титульного листа
Электронная версия печатной публикации
Анализ состояния экономики в области образования показал, что в последние годы наметилась тенденция переноса центра тяжести с бюджетного финансирования учебного процесса на активное привлечение внебюджетных средств и, в первую очередь, средств родителей. При финансировании всех уровней образования все более значительными по объему становятся средства, полученные в результате коммерческой деятельности учреждений образования, что ведет к созданию условий для развития элитного платного образования для "избранных" за счет разрушения доступного образования для остальных слоев населения.
Idioma:russo
Publicado em: 2005
Colecção:Социально-экономические и гуманитарные науки
Assuntos:
Acesso em linha:http://www.lib.tpu.ru/fulltext/v/Bulletin_TPU/2005/v308/i3/39.pdf
Formato: Recurso Electrónico Capítulo de Livro
KOHA link:https://koha.lib.tpu.ru/cgi-bin/koha/opac-detail.pl?biblionumber=170394

MARC

LEADER 00000nla2a2200000 4500
001 170394
005 20231031163703.0
035 |a (RuTPU)RU\TPU\book\184794 
035 |a RU\TPU\book\184793 
090 |a 170394 
100 |a 20091123d2005 k y0rusy50 ca 
101 0 |a rus 
102 |a RU 
135 |a drnn ---uucaa 
181 0 |a i  
182 0 |a b 
200 1 |a Использование государственного финансового контроля при выявлении проблем российского образования  |b Электронный ресурс  |f Л. Н. Титова, О. П. Синельникова 
203 |a Текст  |c электронный 
215 |a 1 файл (129 Кб) 
225 1 |a Социально-экономические и гуманитарные науки 
230 |a Электронные текстовые данные (1 файл : 129 Кб) 
300 |a Заглавие с титульного листа 
300 |a Электронная версия печатной публикации 
330 |a Анализ состояния экономики в области образования показал, что в последние годы наметилась тенденция переноса центра тяжести с бюджетного финансирования учебного процесса на активное привлечение внебюджетных средств и, в первую очередь, средств родителей. При финансировании всех уровней образования все более значительными по объему становятся средства, полученные в результате коммерческой деятельности учреждений образования, что ведет к созданию условий для развития элитного платного образования для "избранных" за счет разрушения доступного образования для остальных слоев населения. 
337 |a Adobe Reader 
461 1 |0 (RuTPU)RU\TPU\book\176237  |t Известия Томского политехнического университета [Известия ТПУ]  |f Томский политехнический университет (ТПУ)  |d 2000- 
463 1 |0 (RuTPU)RU\TPU\book\184739  |t Т. 308, № 3  |v [С. 164-168]  |d 2005  |p 263 с. 
610 1 |a использование 
610 1 |a государственный финансовый контроль 
610 1 |a проблемы 
610 1 |a российское образование 
610 1 |a анализы 
610 1 |a экономика 
610 1 |a тенденции 
610 1 |a центр тяжести 
610 1 |a бюджетное финансирование 
610 1 |a учебные процессы 
610 1 |a привлечение 
610 1 |a внебюджетные средства 
610 1 |a родители 
610 1 |a коммерческая деятельность 
610 1 |a учреждения 
610 1 |a условия 
610 1 |a элитное образование 
610 1 |a платное образование 
610 1 |a разрушения 
610 1 |a доступное образование 
610 1 |a население 
610 1 |a электронный ресурс 
700 1 |a Титова  |b Л. Н. 
701 1 |a Синельникова  |b О. П. 
801 1 |a RU  |b 63413507  |c 20090623  |g PSBO 
801 2 |a RU  |b 63413507  |c 20211012  |g PSBO 
856 4 |u http://www.lib.tpu.ru/fulltext/v/Bulletin_TPU/2005/v308/i3/39.pdf 
942 |c CF